"Zdravý" dizajn v procese tvorby interiéru\\Moderné materiály pre interiéry kancelárskych pracovísk

Gespeichert in:
Bibliographische Detailangaben
1. Verfasser: Fábri, Ľubica, 1961- (Verfasst von)
Weitere Verfasser: Petelen, Ivan, 1947- (Betreuung Doktorarbeit)
Format: Manuskript Buch
Sprache:Slowakisch
Veröffentlicht: Bratislava 2016
Schlagworte:
Online-Zugang:http://is.stuba.sk/zp/portal_zp.pl?podrobnosti=69312
Tags: Tag hinzufügen
Keine Tags, Fügen Sie das erste Tag hinzu!

MARC

LEADER 00000ntm a22000003a 4500
001 stuzp15880
003 SK-STU
005 20230317112015.6
007 ta
008 150427s2015----xo-----f-mn---000-0-slo-d
040 |a STU  |b slo 
041 0 |a slo 
044 |a xo 
100 1 |a Fábri, Ľubica,  |d 1961-  |9 100  |u 055150  |k Z3  |4 aut  |U FAD Fakulta architektúry  |T FA Ústav interiéru a výstavníctva  |X 68193  |U A5150  |Y 396  |7 A000068193 
242 0 1 |a Healthy designing of interiors - Modern Materials for Office Interiors  |y eng 
245 1 0 |a "Zdravý" dizajn v procese tvorby interiéru\\Moderné materiály pre interiéry kancelárskych pracovísk 
260 |c 2016  |a Bratislava 
300 |a 129 s. 
650 4 |a zdravý interiér a zdravý materiál  |2 slo 
650 4 |a únik škodlivín z materiálov  |2 slo 
650 4 |a materiálová knižnica  |2 slo 
650 4 |a healthy interior and healthy material  |2 eng 
650 4 |a emission of harmful compounds from materials  |2 eng 
650 4 |a material library  |2 eng 
700 1 |a Petelen, Ivan,  |d 1947-  |u 055150  |k Z1  |4 ths  |U FAD Fakulta architektúry  |T FA Ústav interiéru a výstavníctva  |X 451  |U A5150  |Y 396  |7 A000000451 
856 4 |u http://is.stuba.sk/zp/portal_zp.pl?podrobnosti=69312  |u https://opac.crzp.sk/?fn=detailBiblioForm&sid=394581B55BAE63AC61ABBC6F4926 
996 |b 284AU07010  |c A* 10233/V  |l AAKNST  |s P  |a 0  |w stuzp15880_0001